Focus on consumer price indices (Record no. 102506)
[ view plain ]
| 000 -LEADER | |
|---|---|
| fixed length control field | 01051cam a2200265 4500 |
| 001 - CONTROL NUMBER | |
| control field | J1460 |
| 008 - FIXED-LENGTH DATA ELEMENTS--GENERAL INFORMATION | |
| fixed length control field | 000000n2002 000 0 eng u |
| 035 ## - SYSTEM CONTROL NUMBER | |
| System control number | (Sirsi) u120236 |
| 041 ## - LANGUAGE CODE | |
| Language code of text/sound track or separate title | eng |
| 050 ## - LIBRARY OF CONGRESS CALL NUMBER | |
| Classification number | 338.528 |
| 110 ## - MAIN ENTRY--CORPORATE NAME | |
| Corporate name or jurisdiction name as entry element | Office for National Statistics |
| 9 (RLIN) | 2210 |
| 245 ## - TITLE STATEMENT | |
| Title | Focus on consumer price indices |
| 260 ## - PUBLICATION, DISTRIBUTION, ETC. | |
| Place of publication, distribution, etc. | London |
| Name of publisher, distributor, etc. | Stationery Office |
| Date of publication, distribution, etc. | 2001 -2002 |
| 300 ## - PHYSICAL DESCRIPTION | |
| Extent | 12 pt. |
| Dimensions | 30cm. |
| 350 ## - PRICE (NR) (BK AM CF MU VM SE) [OBSOLETE] | |
| Price | 185.00 |
| 490 ## - SERIES STATEMENT | |
| Series statement | Business Monitor |
| Volume/sequential designation | MM23 |
| 520 ## - SUMMARY, ETC. | |
| Summary, etc. | Published monthly and kept for one year. Previously published under the titles "Retail prices index" and "Consumer price indices". The full text is available on the Office for National Statistics website at www.statistics.gov.uk/StatBase/Product.asp?vlnk=867&Pos=&ColRank=2&Rank=256 |
| 650 ## - SUBJECT ADDED ENTRY--TOPICAL TERM | |
| Topical term or geographic name entry element | CONSUMER PRICES INDEX |
| 650 ## - SUBJECT ADDED ENTRY--TOPICAL TERM | |
| Topical term or geographic name entry element | MM23 |
| 650 ## - SUBJECT ADDED ENTRY--TOPICAL TERM | |
| Topical term or geographic name entry element | ALL ITEMS RETAIL PRICES INDEX |
| 650 ## - SUBJECT ADDED ENTRY--TOPICAL TERM | |
| Topical term or geographic name entry element | ALL ITEMS RETAIL PRICES INDEX |
| 690 ## - LOCAL SUBJECT ADDED ENTRY--TOPICAL TERM (OCLC, RLIN) | |
| Topical term or geographic name as entry element | ECONOMIC ISSUES |
| 856 ## - ELECTRONIC LOCATION AND ACCESS | |
| Uniform Resource Identifier | <a href="https://www.statistics.gov.uk/StatBase/Product.asp?vlnk=867&Pos=&ColRank=2&Rank=256">https://www.statistics.gov.uk/StatBase/Product.asp?vlnk=867&Pos=&ColRank=2&Rank=256</a> |
| 942 ## - ADDED ENTRY ELEMENTS (KOHA) | |
| Suppress in OPAC | 0 |
| Withdrawn status | Lost status | Source of classification or shelving scheme | Damaged status | Not for loan | Home library | Current library | Shelving location | Date acquired | Total Checkouts | Full call number | Barcode | Date last seen | Copy number | Price effective from | Koha item type |
|---|---|---|---|---|---|---|---|---|---|---|---|---|---|---|---|
| Dewey Decimal Classification | London | London | Statistics | 24/10/2002 | STATISTICS December 2001 | 30067947 | 06/08/2019 | 1 | 06/08/2019 | Reference material |